|
|
|
|
| LEADER |
00000nam0a2200000 4500 |
| 001 |
298935 |
| 005 |
20231102001144.0 |
| 035 |
|
|
|a (RuTPU)RU\TPU\book\324086
|
| 090 |
|
|
|a 298935
|
| 100 |
|
|
|a 20150623d1975 km y0rusy50 ca
|
| 101 |
0 |
|
|a rus
|
| 102 |
|
|
|a RU
|
| 105 |
|
|
|a a z 000zy
|
| 200 |
1 |
|
|a Кибернетика как она есть. Кибернетика и психика
|f Л. А. Растригин, П. С. Граве
|
| 210 |
|
|
|a Москва
|c Молодая гвардия
|d 1975
|
| 215 |
|
|
|a 208 с.
|c ил.
|
| 225 |
1 |
|
|a Эврика !
|
| 606 |
1 |
|
|a Кибернетика
|x Применение в медицине
|2 stltpush
|3 (RuTPU)RU\TPU\subj\39465
|9 59544
|
| 610 |
1 |
|
|a медицина
|
| 610 |
1 |
|
|a психика
|
| 610 |
1 |
|
|a поведение
|
| 610 |
1 |
|
|a мотивы
|
| 610 |
1 |
|
|a цель
|
| 610 |
1 |
|
|a интеллект
|
| 610 |
1 |
|
|a прогнозирование
|
| 675 |
|
|
|a 61:004
|v 3
|
| 700 |
|
1 |
|a Растригин
|b Л. А.
|g Леонард Андреевич
|
| 701 |
|
1 |
|a Граве
|b П. С.
|g Петр Сергеевич
|
| 801 |
|
1 |
|a RU
|b 63413507
|c 20150623
|
| 801 |
|
2 |
|a RU
|b 63413507
|c 20221007
|g RCR
|
| 942 |
|
|
|c BK
|